000 00725nam a2200253Ia 4500
003 OSt
005 20221005133539.0
006 a|||||r|||| 00| 0
007 ta
008 221004b |||||||| |||| 00| 0 hin d
024 _a107519
037 _cTextual
040 _aCRL
_cCRL
_bhin
041 _2hin
_ahin
082 _aO152:g, J2
100 _aद्विवेदी
245 0 _aआधुनिक हिंदा कविता के बाद
246 _aĀdhunik hiandā kavitā ke bāda
260 _c1952
300 _a204पृ0
_ccm.
650 _aहिन्दी साहित्य
942 _hO152:g, J2
_cTEXL
_2cc
999 _c1067167
_d1067167